Indian government and politics (Record no. 9674)

MARC details
000 -LEADER
fixed length control field 00513cam a2200205ua 4500
001 - CONTROL NUMBER
control field 10717
005 - DATE AND TIME OF LATEST TRANSACTION
control field 20260515114643.0
008 - FIXED-LENGTH DATA ELEMENTS--GENERAL INFORMATION
fixed length control field 190329n ii |||gr||||Z||||||eng
020 ## - INTERNATIONAL STANDARD BOOK NUMBER
International Standard Book Number 9788131733127
040 ## - CATALOGING SOURCE
Transcribing agency MAIN
082 ## - DEWEY DECIMAL CLASSIFICATION NUMBER
Classification number 320.954
100 ## - MAIN ENTRY--PERSONAL NAME
Personal name Hoveyda Abbas,
Relator term Author.
245 ## - TITLE STATEMENT
Title Indian government and politics
260 ## - PUBLICATION, DISTRIBUTION, ETC.
Place of publication, distribution, etc. Delhi:
Name of publisher, distributor, etc. Pearson,
Date of publication, distribution, etc. 2011.
300 ## - PHYSICAL DESCRIPTION
Extent 336p.
653 ## - INDEX TERM--UNCONTROLLED
Uncontrolled term Political science
700 ## - ADDED ENTRY--PERSONAL NAME
Personal name Ranjay Kumar,
Relator term Author.
700 ## - ADDED ENTRY--PERSONAL NAME
Personal name Mohammed Aftab Alam,
Relator term Author.
942 ## - ADDED ENTRY ELEMENTS (KOHA)
Koha item type Books
Holdings
Withdrawn status Lost status Damaged status Not for loan Home library Current library Shelving location Date acquired Total checkouts Full call number Barcode Date last seen Date last checked out Copy number Price effective from Koha item type
        Naharkatiya College Library Naharkatiya College Library General stacks 09/19/2020 2 320.954 | ABB 24861 01/29/2025 01/23/2025 1 09/19/2020 Books